| 000 | 01169cam a22003134a 4500 | ||
|---|---|---|---|
| 090 | _c0 | ||
| 001 | 14975856 | ||
| 005 | 20070829153227.0 | ||
| 008 | 070822s2006 nyua b 001 0 eng | ||
| 010 | _a 2007279620 | ||
| 020 | _a0072262990 (pbk.) | ||
| 040 |
_aDLC _cDLC |
||
| 050 | 0 | 0 |
_aTK5105.59 _b.S32 2006 |
| 082 |
_222 _a005.8 _bSCA |
||
| 100 | 1 | _aScambray, Joel. | |
| 245 | 1 | 0 |
_aHacking exposed : _bWeb applications / _cJoel Scambray, Mike Shema, Caleb Sima. Foreword by Jeremiah Grossman. |
| 250 | _a2nd ed. | ||
| 260 |
_aNew York : _bMcGraw-Hill, _cc2006. |
||
| 300 |
_axxix, 520 p. : _bill. ; _c23 cm. |
||
| 504 | _aIncludes bibliographic references and index. | ||
| 650 | 0 |
_aComputer networks _xSecurity measures. |
|
| 650 | 0 |
_aWeb sites _xSecurity measures. |
|
| 650 | 0 | _aComputer security. | |
| 700 | 1 | _aShema, Mike. | |
| 700 | 1 | _aSima, Caleb. | |
| 942 |
_2ddc _cBB |
||
| 999 |
_c10617 _d10617 |
||